000 00989nam0a22002891 4500
001 rc\3330810
005 20250609213404.0
021 _aRU
_b[75-1050]
035 _a(NLR Aleph) 007513070
090 _a7701749
_c7701749
100 _a20130115d1974 |||y0rusy50 ca
101 0 _arus
102 _aRU
105 _aa z |||||
200 1 _aТаллин - 1973
_eТурнирный сборник
_fСост. М. и Б. Рытовы
210 _aТаллин
_cЭэсти раамат
_d1974
215 _a144 с.
_cил.
_d22
532 1 1 _aТаллин - тысяча девятьсот семьдесят три
606 _aШахматные партии
_2psbo
606 _aШахматные соревнования, международные
_z1973
_yТаллин
_2psbo
702 1 _aРытова
_bМ.
_gМерике
_4220
702 1 _aРытова
_bБ.
_4220
801 0 _aRU
_bNLR
_gpsbo
801 1 _aRU
_bELAR
_2rusmarc
852 _aNLR
_j74-5/4652
942 _cBOOK
980 _aNB